000 01172naa a22003377a 4500
001 BR8105849
003 BR-BrBNA
005 20240918174904.0
007 ta
008 230509b bl.||||| |||| 00| 0 por d
040 _aBR-BrBNA
_bpor
_cBiblioteca Nacional de Agricultura
041 _a(Pt)
072 _aH50; F25
_b2120
_b3866
_b3530
090 _aH50 BR8105849
100 1 _aMatiello, J.B.
100 1 _aSantinato, R.
100 1 _aNobre, G.W.
111 1 _a9. Congresso Brasileiro de Pesquisas Cafeeiras
_cSao Lourenco, MG (Brazil)
_d27 Oct 1981
245 1 _aOcorrencia de deficiencia de Magnesio em mudas de cafe
260 3 _aRio de Janeiro, RJ (Brasil):
_c1981.
500 _aResumos do 9. Congresso Brasileiro de Pesquisas Cafeeiras Rio de Janeiro, RJ (Brasil): 1981. p. 444 (BR8105849-AM)H50
650 _aFERTILIZANTE
650 _aCAFE
650 _aMUDA
650 _aDEFICIENCIA MINERAL
650 _aMAGNESIO
650 _aADUBACAO FOLIAR
773 0 _tResumos do 9. Congresso Brasileiro de Pesquisas Cafeeiras
_wH50 BR8105849
_gRio de Janeiro, RJ (Brasil), 1981. p. 444
909 _a202404
_bLucia
_c55
_dLucia Elande
942 _cAM
_2AGRIS
999 _c314229
_d314229